000
00316nam a2200133Ia 4500
008
231017s9999 xx 000 0 und d
082
_a
625.7021875BRI
082
_b
BRI
245
0
_a
Bridge Standards and Procedures
245
0
_c
British Columbia
260
_b
British Columbia
300
_c
30cm
942
_c
REP
999
_c
603618
_d
603618